Score 0/8 Timer 01:00
7 Plays Today
% Correct
 Howard Wolowitz 
Raj Koothrappali
Leonard Hofstadter
97.4%
Barney Stinson
Marshall Eriksen
 Robin Scherbatsky 
95.7%
Elaine Benes
 George Costanza 
Jerry Seinfeld
95.1%
Pam Beesly
Dwight Schrute
 Stanley Hudson 
94.4%
Gunther
 Monica Geller 
Janice
94.4%
 Carla Espinosa 
John Dorian
Perry Cox
94.1%
Jack Donaghy
 Tracy Jordan 
Liz Lemon
92.2%
Ron Swanson
 Leslie Knope 
Andy Dwyer
90.8%
Remove Ads.
Support Sporcle.
Get the best of Sporcle when you Go Orange. This ad-free experience offers more features, more stats, and more fun while also helping to support Sporcle. Thank you for becoming a member.

You're not logged in!

Compare scores with friends on all Sporcle quizzes.
OR
Log In

Show Comments

Extras

Top Quizzes Today


Score Distribution

Your Account Isn't Verified!

In order to create a playlist on Sporcle, you need to verify the email address you used during registration. Go to your Sporcle Settings to finish the process.

Report this User

Report this user for behavior that violates our Community Guidelines.

Details: